00394pab a2200157 454500008004000000100002400040245004800064260000900112300001300121362001100134650001900145650001800164650001000182650001000192773003400202180718b2014 xxu||||| |||| 00| 0 eng d aBagchi, Amiya Kumar aSealing the victory of the corporate sector c2014 ap.16-18. a14 Jun aPrivate sector aPublic sector aBanks aDrugs aEconomic and Political Weekly